[Event "26th Bosnjaci Open 2022"]
[Site "Bosnjaci"]
[Date "2022.01.04"]
[Round "3.9"]
[White "Lalic, Kristijan"]
[Black "Kovac, Petar"]
[Result "1-0"]
[WhiteElo "2215"]
[BlackElo "2070"]
[Annotator "TA"]
[PlyCount "131"]
[EventDate "2022.01.03"]
[EventType "swiss"]
[EventCountry "CRO"]
[SourceTitle "playchess.com"]
[Source "ChessBase"]
[SourceQuality "1"]

{[%evp 9,131,-14,0,-22,0,0,32,32,47,43,47,31,20,2,30,0,14,-18,16,22,21,18,74,10,13,5,4,4,8,0,33,24,17,35,29,0,33,21,52,51,106,76,236,236,239,289,397,408,512,536,599,609,591,594,572,476,695,570,756,741,888,876,1175,1185,955,957,1420,1409,6137,6137,5701,5381,2438,2210,2435,1882,2361,1495,2042,2018,1906,1820,1712,1640,29972,1507,1368,983,965,955,940,913,1071,1035,5781,697,2344,2175,2033,851,2022,1768,29984,29985,29985,29986,29986,29987,29987,29988,29988,29989,29989,0,0,0,29989,29990,29990,29991,29991,29992,29992,29993]} 1. e4 e6 2. Nf3 d5 3. e5 c5 4. b4 b6 5. a3 Qc7 6. c3 {C00: French: Unusual White 2nd moves.} Nd7 (6... c4 $5 {[%cal Rb8d7]}) 7. d4 Ne7 8. Bd3 {[#] White is slightly better.} Nc6 $146 ({Predecessor:} 8... a5 9. b5 Ng6 10. h4 Ne7 11. a4 Bb7 12. Bd2 c4 13. Bc2 h6 14. Qe2 g6 {0-1 (51) Zobiegala,C (1894)-Wallhof,D (1821) Germany 2015}) 9. O-O Be7 10. Bf4 h6 11. Nbd2 Bb7 12. bxc5 bxc5 13. a4 c4 14. Bc2 Qa5 15. Nb1 O-O-O (15... Rb8 $11 {remains equal.}) 16. Re1 ({White should play} 16. h4 $16) 16... g5 $11 17. Bc1 g4 $132 {[%mdl 2048] Black puts up resistance} 18. Nfd2 h5 19. Ba3 a6 20. Bxe7 Nxe7 21. Nf1 Rdf8 22. Qc1 f5 23. Qa3 Rh7 24. Nbd2 h4 {Inhibits Ng3.} (24... Ng6 $14) 25. Rab1 {Hoping for Qd6.} Rg7 $2 (25... Rg8 $16) 26. Qd6 $1 $18 {[%cal Ob1b7]} ({Worse is} 26. Qb2 Bc6 $11) 26... Qc7 27. Qxe6 f4 28. Qh6 {[%csl LRg7,LRh4]} Rfg8 29. Qxf4 h3 30. g3 Kb8 31. Rb2 {Black must now prevent Reb1.} Ka7 32. Qe3 Nc6 (32... Rh8 $142 33. Reb1 Ba8) 33. Reb1 Rb8 {[#]} 34. Nxc4 $1 {[%mdl 512]} dxc4 (34... Rgg8 35. Nd6) 35. d5+ {[%mdl 64] Discovered Attack} Ka8 {[#]} 36. Rxb7 $1 {[%mdl 512]} Rxb7 37. Rxb7 Qxb7 38. dxc6 Qc7 39. cxd7 Rxd7 40. Be4+ Kb8 41. e6 Rd1 42. Qe2 Qd6 43. Qxc4 Re1 44. Qb3+ Kc8 45. Bd5 Kd8 46. c4 Qe5 47. Qb6+ (47. Qb4 $142 Re2 48. a5 Qxe6 49. Bxe6 Rxe6 50. Qf8+ Re8 51. Qd6+ Kc8 52. Ne3) 47... Ke7 48. Qc5+ Kf6 49. Qf8+ Kg6 50. Qf7+ Kg5 51. Qg8+ Kh5 52. Qh7+ Kg5 53. Qh4+ Kf5 54. Qh5+ Kf6 55. Qxg4 Rxf1+ 56. Kxf1 Qa1+ 57. Ke2 Qb2+ {[#]} 58. Kd3 $1 Qb3+ 59. Kd4 Qb2+ {[#]} 60. Kc5 $1 Qa3+ 61. Kd4 $2 (61. Kc6 {mates} Qxa4+ 62. Kc7 Qa5+ 63. Kd7 Qa4+ 64. Bc6 Qc2 65. Qd4+ Kg5 66. Qf4+ Kg6 67. Be4+ Qxe4 68. Qxe4+ Kh6 69. e7 Kg7 70. e8=Q Kh6 71. Q8g6#) 61... Qb2+ $11 62. Kc5 (62. Kd3 Qb3+ 63. Kd4 Qb2+) 62... Qa3+ $1 63. Kc6 {White mates.} Qxa4+ 64. Kc7 Qa5+ 65. Kd7 Qa4+ 66. Bc6 {Weighted Error Value: White=0.17 (very precise) /Black=0.41} 1-0

[Event "26th Bosnjaci Open 2022"]
[Site "Bosnjaci"]
[Date "2022.01.04"]
[Round "3.10"]
[White "Zlatarevic, Ivan"]
[Black "Vidovic, Sasa"]
[Result "1/2-1/2"]
[WhiteElo "2037"]
[BlackElo "2206"]
[Annotator "ChessBase"]
[PlyCount "79"]
[EventDate "2022.01.03"]
[EventType "swiss"]
[EventCountry "CRO"]
[SourceTitle "playchess.com"]
[Source "ChessBase"]
[SourceQuality "1"]
[TimeControl "5400+30"]

1. d4 Nf6 2. Nf3 d6 3. c4 Bg4 4. h3 Bh5 5. Qb3 Qc8 6. Bg5 Nbd7 7. Nc3 e5 8. e3 Be7 9. g4 Bg6 10. Bg2 c6 11. Nh4 Qc7 12. Nxg6 hxg6 13. O-O-O a5 14. Kb1 Ng8 15. Bxe7 Nxe7 16. dxe5 dxe5 17. Ne4 O-O 18. h4 Nf6 19. Nxf6+ gxf6 20. g5 f5 21. h5 Rfd8 22. h6 Rxd1+ 23. Rxd1 Rd8 24. a3 Rxd1+ 25. Qxd1 Kh7 26. Qd2 Nc8 27. f4 a4 28. Qc3 Qd6 29. Bf3 f6 30. c5 Qe7 31. gxf6 Qxf6 32. fxe5 Qe6 33. Qd4 Kxh6 34. Be2 Ne7 35. Qd6 Qf7 36. Bc4 Qxc4 37. Qxe7 Kh5 38. e6 Qd3+ 39. Ka1 Qxe3 40. Qd7 1/2-1/2

[Event "26th Bosnjaci Open 2022"]
[Site "Bosnjaci"]
[Date "2022.01.04"]
[Round "3.11"]
[White "Dutina, Dario"]
[Black "Begic, Domagoj"]
[Result "1-0"]
[WhiteElo "2197"]
[BlackElo "1816"]
[Annotator "ChessBase"]
[PlyCount "97"]
[EventDate "2022.01.03"]
[EventType "swiss"]
[EventCountry "CRO"]
[SourceTitle "playchess.com"]
[Source "ChessBase"]
[SourceQuality "1"]
[TimeControl "5400+30"]

1. e4 c6 2. Bc4 d5 3. Bb3 e6 4. d4 dxe4 5. Nc3 Nf6 6. Nge2 Nbd7 7. Ng3 Be7 8. O-O O-O 9. Ncxe4 Nxe4 10. Nxe4 Nf6 11. Qd3 b6 12. c3 Bb7 13. Bc2 Nxe4 14. Qxe4 g6 15. Bh6 Re8 16. Rfe1 Bf6 17. Bf4 Qd5 18. Be5 Bxe5 19. dxe5 Qxe4 20. Bxe4 Red8 21. Rad1 Kf8 22. b4 b5 23. c4 bxc4 24. b5 Rd5 25. Bxd5 cxd5 26. f3 Ke7 27. Kf2 Kd7 28. Ke3 Kc7 29. Kd4 Kb6 30. Rb1 Rc8 31. Re3 Rc5 32. a4 Rc7 33. g4 Ka5 34. f4 Bc8 35. Rh3 Kxa4 36. b6 axb6 37. Rxb6 Bd7 38. Rc3 Ka5 39. Rb8 Ba4 40. Ra3 Ra7 41. Ra1 h5 42. gxh5 gxh5 43. h4 Ra6 44. Rb7 Ra8 45. Rxf7 Ra6 46. Re7 Kb4 47. Rb7+ Ka5 48. Rbb1 Ra7 49. Rxa4+ 1-0

[Event "26th Bosnjaci Open 2022"]
[Site "Bosnjaci"]
[Date "2022.01.04"]
[Round "3.12"]
[White "Saric, Luka"]
[Black "Sabic, Tomislav"]
[Result "1-0"]
[WhiteElo "2176"]
[BlackElo "1939"]
[Annotator "ChessBase"]
[PlyCount "79"]
[EventDate "2022.01.03"]
[EventType "swiss"]
[EventCountry "CRO"]
[SourceTitle "playchess.com"]
[Source "ChessBase"]
[SourceQuality "1"]
[TimeControl "5400+30"]

1. Nf3 Nf6 2. c4 e6 3. g3 d5 4. Bg2 c6 5. Qc2 Be7 6. O-O O-O 7. d4 Ne4 8. Nfd2 f5 9. Nxe4 fxe4 10. f3 exf3 11. exf3 Qb6 12. Be3 e5 13. Qd2 exd4 14. Bxd4 Bc5 15. Rd1 Bxd4+ 16. Qxd4 dxc4 17. Na3 Be6 18. Rac1 Qxd4+ 19. Rxd4 b5 20. Re1 Bf5 21. f4 a6 22. Re7 Rf7 23. Rd8+ Rf8 24. Ree8 Rxe8 25. Rxe8+ Kf7 26. Bxc6 Nxc6 27. Rxa8 Nb4 28. Kf2 h5 29. Ke3 Ke6 30. Kd4 Kd6 31. h3 g6 32. g4 hxg4 33. hxg4 Bd3 34. b3 Nc6+ 35. Ke3 Nb4 36. bxc4 bxc4 37. Kd4 Nc6+ 38. Kc3 Kc5 39. Rxa6 Be2 40. Nxc4 1-0

[Event "26th Bosnjaci Open 2022"]
[Site "Bosnjaci"]
[Date "2022.01.04"]
[Round "3.13"]
[White "Vujnovic, Patricija"]
[Black "Novosad, Ivan"]
[Result "1-0"]
[WhiteElo "2138"]
[BlackElo "1840"]
[Annotator "ChessBase"]
[PlyCount "99"]
[EventDate "2022.01.03"]
[EventType "swiss"]
[EventCountry "CRO"]
[SourceTitle "playchess.com"]
[Source "ChessBase"]
[SourceQuality "1"]
[TimeControl "5400+30"]

1. d4 c6 2. e4 d5 3. e5 Bf5 4. Nf3 e6 5. Be2 Nd7 6. O-O Qc7 7. Be3 c5 8. c3 a6 9. Ne1 Ne7 10. Nd2 Nc6 11. f4 h6 12. g4 Bh7 13. Nef3 f5 14. gxf5 Bxf5 15. Nh4 O-O-O 16. Nxf5 exf5 17. Nf3 Be7 18. Kh1 Rdg8 19. dxc5 Bxc5 20. Bxc5 Nxc5 21. Qxd5 Ne7 22. Qd6 g5 23. Qxc7+ Kxc7 24. Nd4 g4 25. Bc4 Rg6 26. Kg2 h5 27. b4 Ne4 28. Bd3 Nd5 29. Bxe4 Ne3+ 30. Kf2 Nxf1 31. Bxf5 g3+ 32. Kxf1 gxh2 33. Kf2 Rg4 34. Bxg4 hxg4 35. Rh1 Rh3 36. Ne2 Rf3+ 37. Kg2 Re3 38. Ng3 Rxc3 39. Kxh2 Rc2+ 40. Kg1 Rxa2 41. f5 Ra3 42. Nf1 Rf3 43. f6 b6 44. Rh7+ Kd8 45. Kg2 a5 46. bxa5 bxa5 47. Ra7 Ke8 48. Rxa5 Kf7 49. Ra7+ Kg6 50. Ng3 1-0

[Event "26th Bosnjaci Open 2022"]
[Site "Bosnjaci"]
[Date "2022.01.04"]
[Round "3.14"]
[White "Damjanovic, Stjepan"]
[Black "Sadikovic, Jasmin"]
[Result "1-0"]
[WhiteElo "2002"]
[BlackElo "2134"]
[Annotator "ChessBase"]
[PlyCount "71"]
[EventDate "2022.01.03"]
[EventType "swiss"]
[EventCountry "CRO"]
[SourceTitle "playchess.com"]
[Source "ChessBase"]
[SourceQuality "1"]
[TimeControl "5400+30"]

1. e4 c5 2. Nf3 d6 3. d4 cxd4 4. Nxd4 Nf6 5. Nc3 a6 6. Be2 e5 7. Nb3 Be6 8. Be3 Be7 9. Qd2 Nbd7 10. f4 b5 11. a3 Qc7 12. O-O Nb6 13. Qe1 Na4 14. Nxa4 bxa4 15. Nd2 exf4 16. Bxf4 Qxc2 17. Qg3 Qc5+ 18. Be3 Qe5 19. Qxg7 Rg8 20. Qh6 Rg6 21. Qf4 Qxb2 22. Bd1 Bd7 23. Rb1 Qxa3 24. e5 dxe5 25. Qxe5 Rc8 26. Rb8 Qd6 27. Rxc8+ Bxc8 28. Bxa4+ Nd7 29. Qh8+ Bf8 30. Ne4 Qa3 31. Bxd7+ Kxd7 32. Rxf7+ Kc6 33. Qd4 Kb5 34. Nc3+ Ka5 35. Rxf8 Rg4 36. Qb6# 1-0

[Event "26th Bosnjaci Open 2022"]
[Site "Bosnjaci"]
[Date "2022.01.04"]
[Round "3.15"]
[White "Tomas, Ante"]
[Black "Turicar, Goran"]
[Result "1-0"]
[WhiteElo "2122"]
[BlackElo "1749"]
[Annotator "TA"]
[PlyCount "137"]
[EventDate "2022.01.03"]
[EventType "swiss"]
[EventCountry "CRO"]
[SourceTitle "playchess.com"]
[Source "ChessBase"]
[SourceQuality "1"]

{[%evp 10,137,0,-1,1,-3,20,-1,22,-18,-30,-36,-27,-41,-35,-50,-37,-39,-37,-42,-43,-108,-39,-108,-104,-162,-157,-160,-54,-69,-62,-82,-83,-107,-107,-115,-115,-115,-115,-117,-97,-111,-93,-103,-96,-103,-68,-61,-57,-89,94,94,94,92,97,98,139,141,139,127,124,133,131,133,133,138,125,125,247,122,123,121,115,115,123,123,123,123,122,122,122,122,122,115,115,115,115,-431,0,-277,115,115,115,115,115,115,115,115,115,115,115,116,120,114,249,242,256,256,256,-10,0,0,0,0,0,-56,-36,-49,0,0,0,0,0,0,29973,29974,29976,29975,29978,29978]} 1. d4 d5 2. Nf3 Nf6 3. Bf4 e6 4. e3 Bd6 5. Bg3 O-O 6. Nbd2 c5 {D02: 1 d4 d5 2 Nf3 sidelines, including 2...Nf6 3 g3 and 2...Nf6 3 Bf4.} 7. c3 c4 8. Ne5 Nc6 {[%cal Bb8c6,Bc6e7,Be7f5][%mdl 32] The position is equal.} 9. f4 Ne7 10. Be2 {[#]} b5 $146 ({Predecessor:} 10... Ne8 11. O-O f6 12. Nef3 Nf5 13. Bf2 Nh6 14. g3 Ng4 15. e4 Nxf2 16. Rxf2 Bd7 {1-0 (56) Lee,F-Mortimer,J London 1904}) 11. Bf3 Bb7 12. Qc2 {Prevents Ne4.} Nf5 13. Bf2 Be7 14. O-O Nd6 15. Bg3 (15. a4 $15) 15... Rc8 (15... Nfe4 $1 $17 {Hoping for ...Nf5.} 16. Be2 f6) 16. Rae1 (16. a4 $15) 16... Nfe4 $17 17. Bxe4 (17. Bd1 $17) 17... dxe4 $19 18. h3 f5 (18... Qe8 $17 {Threatens to win with ...h5.} 19. Qd1 f6) 19. Kh2 Nf7 20. Nxf7 Rxf7 21. Kh1 a5 {[%cal Ba7a5,Ba5a4][%mdl 32]} 22. a3 a4 23. Bh2 Bd6 24. Qd1 g6 25. Rg1 Rg7 26. g4 Rcc7 27. g5 Rcd7 28. h4 Qe8 29. Rg3 {[%cal Oh4h5]} e5 $2 (29... h5 $17) 30. fxe5 $16 Bc7 31. Rh3 Qe6 {[%cal Of5f4] ...f4! is the strong threat.} 32. Bf4 Bd8 (32... Kf8 $142) 33. Rg1 {[%cal Be1g1,Bg1g2,Bg2h2][%mdl 32]} Kf8 34. Nf1 Bd5 35. Ng3 Rdf7 36. h5 Ke8 37. hxg6 hxg6 38. Rg2 Qe7 (38... Rh7 $16 39. Rgh2 Qd7) 39. Rh8+ (39. Rh6 $18 {and the rest is easy.}) 39... Kd7 40. Rgh2 {White is more active.} Rh7 41. Qg1 Rxh8 42. Rxh8 {Black must now prevent Qh2.} Rh7+ 43. Rxh7 Qxh7+ 44. Qh2 Qxh2+ 45. Kxh2 {[%mdl 4096] Endgame KBB-KBN} Bf7 46. Kh3 Ke6 47. Kg2 Be7 48. Nh1 $2 {[%mdl 8192]} (48. Ne2 $16 {stays on course.}) 48... Kd5 $2 (48... b4 $1 $19 {[%cal Rb4c3]} 49. cxb4 (49. axb4 Bxb4 50. Nf2 Bxc3 $19) 49... Bxb4) 49. Nf2 $2 {[%mdl 8192] [#]} (49. Ng3 $11 {and White stays safe.}) 49... Be8 $2 (49... Bxa3 $1 $19 {[%mdl 512]} 50. bxa3 b4 51. cxb4 c3) 50. Kf1 Bf7 51. Ke2 Be8 52. Nh3 Bf7 53. Bg3 Kc6 54. Bh4 Bd8 55. Nf4 Bc7 56. Bg3 Bd8 {[#]} (56... Kd7 $16 57. Ke1 Kc8) 57. e6 $1 $18 Be8 58. d5+ Kc5 59. Kd2 $2 (59. e7 $1 $18 {[%cal Re7d8]} Bxe7 60. Ne6+ Kxd5 61. Nc7+ Kc5 62. Nxe8) 59... Bxg5 60. d6 {Prevents Be7.} Kxd6 {Strongly threatening ...Ke7.} 61. Nh3+ f4 $1 62. exf4 (62. Bxf4+ $11 Bxf4 63. exf4) 62... Bf6 63. f5+ Be5 (63... Ke7 $15 64. fxg6 Kxe6) 64. Bxe5+ $11 Kxe5 65. fxg6 Bxg6 66. Ke3 Kxe6 $2 {[%mdl 8192]} (66... Kd6 $11) 67. Nf4+ {White mates.} Kf5 68. Nxg6 {[%mdl 64] Overworked Piece} Kxg6 69. Kxe4 {Both players deserved the win here.  Weighted Error Value: White=0.38/Black=0.45} 1-0

[Event "26th Bosnjaci Open 2022"]
[Site "Bosnjaci"]
[Date "2022.01.05"]
[Round "4.1"]
[White "Zovko, Mario"]
[Black "Saric, Ante"]
[Result "0-1"]
[WhiteElo "2297"]
[BlackElo "2530"]
[Annotator "TA"]
[PlyCount "112"]
[EventDate "2022.01.03"]
[EventType "swiss"]
[EventCountry "CRO"]
[SourceTitle "playchess.com"]
[Source "ChessBase"]
[SourceQuality "1"]

{[%evp 12,112,20,14,14,14,17,19,10,0,4,1,14,10,10,6,37,22,17,16,14,9,8,14,7,7,8,0,0,0,0,0,7,0,11,0,4,0,0,0,0,0,28,0,0,0,13,0,61,0,25,0,11,0,0,0,0,0,25,25,37,0,0,0,0,0,0,-451,-449,-393,-173,-173,-128,-151,-128,-383,-363,-334,-322,-390,-385,-441,-522,-499,-404,-883,-364,-803,-767,-725,-680,-874,-874,-1484,-1406,-1202,-1100,-5385,-2666,-2335,-2241,-1703,-1113]} 1. e4 c5 2. c3 d5 3. exd5 Qxd5 4. d4 e6 5. Nf3 Nf6 6. Na3 Nc6 7. Be3 cxd4 {[#] B22: Sicilian: 2 c3.} 8. Nb5 $1 {aiming for Nc7+.} Qd8 {Inhibits Nc7+.} (8... Qd7 9. Nbxd4) 9. Nbxd4 Nd5 {The position is equal. The main line 9...Nd5 scores better than 9...Nxd4.} 10. Nxc6 bxc6 11. Bd2 Be7 {[#]} 12. Qc2 $146 ({Predecessor:} 12. Bd3 O-O 13. Qc2 Nf6 14. O-O c5 15. Rfe1 Bb7 16. Ne5 Qd5 17. Bf1 Rad8 18. Bf4 Nh5 19. Rad1 Qxa2 20. Ra1 Qd5 21. Rad1 Qa2 22. Ra1 Qd5 23. Rad1 {½-½ (23) Salgado Lopez,I (2584)-Fier,A (2560) chess24.com INT 2020}) 12... Qc7 13. c4 Nf6 14. g3 c5 15. Bg2 Bb7 16. O-O {[%cal Bh1f1,Bf1e1,Be1e3][%mdl 32]} O-O 17. Bf4 Bd6 18. Bxd6 Qxd6 19. Rad1 Qc7 20. Rfe1 Bxf3 21. Bxf3 Rab8 22. Re3 Rfd8 23. Red3 Kf8 24. b3 Ke7 25. Qc3 Rxd3 26. Rxd3 g5 27. h3 h6 28. Rd1 a5 29. Rd3 Rb4 ({Better is} 29... h5 $11) 30. Qe1 (30. Bg4 $14) 30... Rb8 31. Qc3 Rg8 32. Bg2 h5 33. Rf3 Nd7 34. Re3 h4 35. g4 Rg6 36. a3 Rf6 37. Rf3 {And now Rxf6 would win.} Rxf3 38. Qxf3 Qe5 39. Qe3 $2 {[%mdl 8192]} (39. a4 $11) 39... Qxe3 $19 40. fxe3 {[%mdl 4096] Endgame KB-KN} Ne5 (40... f5 $142 41. Bf3 Kd6) 41. Be4 Kd6 ({Black should play} 41... a4 $19 42. bxa4 Nxc4) 42. Kf2 Nd7 43. Ke2 $2 {[%mdl 8192] [#] Now White is beyond hope.} (43. a4 $17 {keeps fighting.}) 43... Ke5 $1 44. Bc6 {[#]} Nf8 45. Be8 f5 46. Kf3 Nh7 47. Bc6 Nf6 48. Ba8 ({Don't go for} 48. gxf5 $2 exf5 49. Kg2 g4 $19) (48. Ba4 $142 fxg4+ 49. hxg4) 48... Kd6 (48... fxg4+ $142 49. hxg4 Kd6) 49. Bb7 $2 (49. gxf5 exf5 50. Bb7) 49... fxg4+ {Black is clearly winning.} 50. hxg4 Nd7 {Hoping for ...Ne5+.} 51. Kg2 Ne5 52. Kh3 a4 53. bxa4 Nxc4 54. Be4 Kc7 (54... Nxe3 $142 55. a5 Kc7) 55. Kg2 Kb6 56. Kf2 Ne5 {Weighted Error Value: White=0.70/Black=0.29 (precise)} 0-1

[Event "26th Bosnjaci Open 2022"]
[Site "Bosnjaci"]
[Date "2022.01.05"]
[Round "4.2"]
[White "Tica, Sven"]
[Black "Lalic, Kristijan"]
[Result "1-0"]
[WhiteElo "2419"]
[BlackElo "2215"]
[Annotator "TA"]
[PlyCount "69"]
[EventDate "2022.01.03"]
[EventType "swiss"]
[EventCountry "CRO"]
[SourceTitle "playchess.com"]
[Source "ChessBase"]
[SourceQuality "1"]

{[%evp 18,69,20,0,13,16,80,73,80,86,85,83,89,75,75,67,70,77,113,113,113,92,91,91,91,92,106,110,113,111,164,154,163,161,181,160,200,212,236,229,261,266,366,354,616,600,1074,1070,1100,1070,1086,1030,1107,1043]} 1. d4 e6 2. Nf3 f5 3. g3 Nf6 4. Bg2 d5 5. O-O Bd6 6. c4 c6 7. b3 Qe7 8. Bb2 O-O 9. Qc1 {is cutting edge theory.} b5 10. Ne5 Bb7 {A90: Dutch Defence: Miscellaneous and Modern Stonewall (with ...Bd6).} 11. c5 {[#]} Bxe5 $146 (11... Bc7 $1 $11) ({Predecessor:} 11... Bc7 12. Nd2 Nbd7 13. Ndf3 Nxe5 14. Nxe5 a5 15. Qg5 Rfe8 16. Nd3 Nd7 17. Qd2 e5 18. dxe5 Nxe5 {½-½ (35) Salzmann,S (2275)-Ralle,P (2161) ICCF email 2015}) 12. dxe5 $16 Ne4 {[#] White is better.} 13. b4 a5 14. a3 (14. f3 {looks sharper.} Ng5 15. a3 Na6 16. Qf4 Nf7 17. Nd2) 14... Nd7 15. Nd2 Nxd2 16. Qxd2 Rfd8 17. Bd4 a4 18. h4 Rf8 19. Qf4 Rf7 20. Bf3 Nf8 21. Bh5 {White is more active.} g6 22. Bf3 Rg7 23. Be3 g5 (23... Nd7 $16) 24. hxg5 $18 Ng6 25. Qd4 Rf8 {[%cal Of5f4]} 26. Bh5 f4 27. gxf4 {[%cal Bg3f4,Bf4g5][%mdl 32]} Nh4 28. Bg4 h6 29. f3 hxg5 30. fxg5 Nf5 $2 {[#]} (30... Bc8 31. Kf2 Ng6) 31. Bxf5 {White is clearly winning.} Rxf5 32. Kf2 ({Not} 32. f4 Qe8 33. Rf3 Qh5 $18) 32... Bc8 33. Rh1 Bd7 34. Rh6 Be8 35. Rah1 {Black got outplayed after the opening.  Weighted Error Value: White=0.03 (flawless) /Black=0.33} 1-0

[Event "26th Bosnjaci Open 2022"]
[Site "Bosnjaci"]
[Date "2022.01.05"]
[Round "4.3"]
[White "Bobanac, Miro"]
[Black "Kovacevic, Blazimir"]
[Result "1/2-1/2"]
[WhiteElo "2261"]
[BlackElo "2399"]
[Annotator "ChessBase"]
[PlyCount "70"]
[EventDate "2022.01.03"]
[EventType "swiss"]
[EventCountry "CRO"]
[SourceTitle "playchess.com"]
[Source "ChessBase"]
[SourceQuality "1"]
[TimeControl "5400+30"]

1. Nf3 d5 2. b3 Bf5 3. Bb2 e6 4. g3 Nf6 5. Bg2 h6 6. O-O Be7 7. c4 O-O 8. d3 c6 9. Nbd2 a5 10. a3 Bh7 11. Qc2 Nbd7 12. e4 dxe4 13. dxe4 Nc5 14. Ne5 Nfd7 15. Rad1 Nxe5 16. Bxe5 Qb6 17. Qc3 f6 18. Bd4 e5 19. Be3 Qc7 20. b4 axb4 21. axb4 Ne6 22. c5 Kh8 23. Nc4 Rfd8 24. h4 Bg8 25. Nb6 Rxd1 26. Rxd1 Rd8 27. Rd3 Rxd3 28. Qxd3 Qd8 29. Bf1 Nf8 30. Nc4 Qa8 31. Qa3 Qxa3 32. Nxa3 Be6 33. Nc4 Kg8 34. Na5 Bc8 35. Bc4+ Kh7 1/2-1/2

[Event "26th Bosnjaci Open 2022"]
[Site "Bosnjaci"]
[Date "2022.01.05"]
[Round "4.4"]
[White "Vujnovic, Patricija"]
[Black "Stocko, Josip"]
[Result "1/2-1/2"]
[WhiteElo "2138"]
[BlackElo "2231"]
[Annotator "TA"]
[PlyCount "103"]
[EventDate "2022.01.03"]
[EventType "swiss"]
[EventCountry "CRO"]
[SourceTitle "playchess.com"]
[Source "ChessBase"]
[SourceQuality "1"]

{[%evp 12,103,20,23,20,10,16,8,13,12,16,5,14,6,20,10,9,25,22,26,33,21,27,10,15,8,18,-2,22,14,30,34,29,27,35,36,32,31,45,39,41,14,43,39,110,108,122,87,119,116,129,123,175,111,103,89,94,98,93,87,93,48,46,48,53,39,49,38,43,22,18,15,9,0,35,35,35,0,68,68,29992,35,35,35,35,35,35,35,35,35,35,12,35,0]} 1. d4 Nf6 2. Nf3 e6 3. c4 d5 4. Nc3 c6 5. cxd5 exd5 6. Bg5 Nbd7 7. e3 h6 {D35: Queen's Gambit Declined: Exchange Variation.} 8. Bh4 g5 9. Bg3 Nh5 {The position is equal.} 10. Bd3 Nxg3 11. hxg3 Bg7 12. Qc2 Nb6 13. Na4 Nxa4 14. Qxa4 {[#]} Qb6 $146 ({Predecessor:} 14... Qe7 15. O-O-O Be6 16. Kb1 O-O 17. Ne5 c5 18. f4 c4 19. Bc2 b5 20. Qa5 Qd8 21. Qxd8 Rfxd8 {0-1 (42) Pasko,L (2386)-Nikolaidis,I (2544) Batumi 2018}) 15. Qc2 Qa5+ 16. Nd2 Bd7 17. a3 Qc7 18. Rc1 Qd6 19. Bf5 Rc8 20. b4 b6 21. Nb3 O-O 22. O-O Rfe8 23. Qd3 (23. g4 {is interesting.} Rc7 24. Qd3 Bxf5 25. Qxf5 Rec8 26. g3) 23... Bxf5 24. Qxf5 Qe6 25. Qxe6 (25. g4 {is more complex.} Bf8 26. Rc2 Rc7 27. Qxe6 fxe6 28. g3) 25... Rxe6 26. Rc2 Bf8 27. g4 h5 (27... Re7 $14) 28. gxh5 $16 f5 29. Rfc1 {[%cal Ob4b5]} a6 30. g3 Kg7 31. Kg2 {[%cal Og3g4]} Kh6 {[#]} (31... Rf6 $16 {might work better.} 32. Rh1 Kh6) 32. Rh1 (32. g4 $1 $18 {[%cal Rg4f5]}) 32... g4 33. Nd2 c5 {[#]} 34. dxc5 $1 bxc5 35. Nb3 {[%cal Rb4c5]} c4 36. Nd4 (36. Rd1 $16) 36... Rf6 $14 37. Rd1 Bg7 38. a4 {[%cal Ba3a4,Ba4b5][%mdl 32]} Kg5 39. Ne2 Rd6 40. b5 axb5 41. axb5 Be5 42. Nf4 Bxf4 43. gxf4+ Kxh5 $11 {[%mdl 4096] Endgame KRR-KRR} 44. b6 Rb8 ({Better is} 44... Rxb6 $11 45. Rxd5 Kg6) 45. Rxc4 $1 $14 Rbxb6 $2 {[%mdl 8192]} (45... Rdxb6 $14 46. Rxd5 Rb5 47. Rxb5 Rxb5) 46. Rc5 $2 (46. Rh1+ {mates} Kg6 47. Rc7 Rb1 48. Rh4 Rdb6 49. Rch7 Rg1+ 50. Kxg1 Rb1+ 51. Kg2 Rg1+ 52. Kxg1 Kf6 53. R4h6#) 46... Kg6 {[%cal Od5d4]} 47. Rdxd5 (47. Rc7 {keeps more tension.} Rbc6 48. Re7 Re6 49. Ra7 Ra6 50. Rd7) 47... Rxd5 48. Rxd5 Kf6 49. Ra5 Rc6 50. Ra2 Rb6 51. Kf1 Kg6 52. Kg2 {Weighted Error Value: White=0.27 (precise) /Black=0.21 (precise)} 1/2-1/2

[Event "26th Bosnjaci Open 2022"]
[Site "Bosnjaci"]
[Date "2022.01.05"]
[Round "4.5"]
[White "Jelecevic, Ivo"]
[Black "Zadravec, Matija"]
[Result "0-1"]
[WhiteElo "2136"]
[BlackElo "2249"]
[Annotator "ChessBase"]
[PlyCount "60"]
[EventDate "2022.01.03"]
[EventType "swiss"]
[EventCountry "CRO"]
[SourceTitle "playchess.com"]
[Source "ChessBase"]
[SourceQuality "1"]
[TimeControl "5400+30"]

1. e4 e5 2. Nf3 Nc6 3. Nc3 Bc5 4. Bb5 d6 5. d4 exd4 6. Nxd4 Bd7 7. Bxc6 bxc6 8. O-O Qf6 9. Be3 Ne7 10. f4 O-O 11. Qd3 Bb6 12. Rae1 c5 13. Nf3 c4 14. Qxc4 Bxe3+ 15. Rxe3 Qxf4 16. Rd3 Rac8 17. Qd4 Nc6 18. Qf2 Be6 19. b3 f5 20. Nd5 Qh6 21. exf5 Rxf5 22. c4 Bxd5 23. Rxd5 Ne5 24. Qxa7 Rcf8 25. Qd4 Nxf3+ 26. Rxf3 Rxf3 27. gxf3 Rxf3 28. Qd1 Qe3+ 29. Kh1 Rf2 30. Rd4 Re2 0-1

[Event "26th Bosnjaci Open 2022"]
[Site "Bosnjaci"]
[Date "2022.01.05"]
[Round "4.6"]
[White "Sipic, Hrvoje"]
[Black "Tomas, Ante"]
[Result "1-0"]
[WhiteElo "2221"]
[BlackElo "2122"]
[Annotator "ChessBase"]
[PlyCount "43"]
[EventDate "2022.01.03"]
[EventType "swiss"]
[EventCountry "CRO"]
[SourceTitle "playchess.com"]
[Source "ChessBase"]
[SourceQuality "1"]
[TimeControl "5400+30"]

1. d4 d5 2. Bf4 Nf6 3. Nf3 c5 4. e3 Nc6 5. Be2 Bf5 6. Nc3 e6 7. O-O h6 8. Nb5 Rc8 9. dxc5 Bxc5 10. Nfd4 Bh7 11. Nxc6 bxc6 12. b4 Be7 13. Nxa7 Rc7 14. Qd4 Nd7 15. Bxc7 Qxc7 16. b5 Bf6 17. Qa4 Bxa1 18. Rxa1 cxb5 19. Bxb5 Ke7 20. Nc6+ Kf6 21. Qh4+ Kg6 22. Ne7# 1-0